000 00639nam a2200205 u 4500
005 20240511063838.0
008 080625s2007 ea r 000 0 spa d
020 _a1404270566
035 _aUPN01000157630
049 _aI
050 4 _aPZ76.3
_bB6.2
100 1 _aBooking, Walt
245 1 4 _aLas aventuras del oso /
_cWalt Booking ; tr. María Cristina Brusca.
260 _aNew York :
_bRosen Classroom Books & Materials,
_cc2007.
300 _a12 p. :
_bprincipalmente il. col.
440 0 _aLecturas del barrio
650 4 _aOsos
_vCuentos y leyendas
_910810
650 4 _aLibros y lectura para niños
_92290
905 _aInfantil
999 _c129744
_d129744